000 00335nam a22001457a 4500
008 210526b ||||| |||| 00| 0 eng d
020 _a9780321900210
041 _aeng
080 _26th
_a371
082 _a371
100 _a46
101 _aEDU
245 _aGood Reasons with Contemporary Arguments
_cFaigley,L
942 _2udc
_cBK
999 _c57659
_d57659